The Mollusca / (Record no. 73343)
[ view plain ]
| 000 -LEADER | |
|---|---|
| fixed length control field | 01617nam a2200301 a 4500 |
| 001 - CONTROL NUMBER | |
| control field | 73343 |
| 003 - CONTROL NUMBER IDENTIFIER | |
| rucl marc code | BD-RjUL |
| 005 - DATE AND TIME OF LATEST TRANSACTION | |
| control field | 20211209082402.0 |
| 008 - FIXED-LENGTH DATA ELEMENTS--GENERAL INFORMATION | |
| fixed length control field | 170530s1983 nyua b 001 0 eng d |
| 020 ## - INTERNATIONAL STANDARD BOOK NUMBER | |
| International Standard Book Number | 0127514015 (v. 1) |
| International Standard Book Number | 0127514023 (v. 2) |
| International Standard Book Number | 012751404X (v. 4) |
| International Standard Book Number | 0127514031 (vol.3) |
| International Standard Book Number | 0127514058 (vol.5) |
| 035 ## - SYSTEM CONTROL NUMBER | |
| System control number | (BD-RjUL)73561 |
| 040 ## - CATALOGING SOURCE | |
| Original cataloging agency | BD-RjUL |
| Language of cataloging | eng |
| Transcribing agency | BD-RjUL |
| Modifying agency | BD-RjUL |
| 041 ## - LANGUAGE CODE | |
| Language code of text/sound track or separate title | eng |
| 082 ## - DEWEY DECIMAL CLASSIFICATION NUMBER | |
| Edition number | 23 |
| Classification number | 594 |
| Author mark and year | MOL 1983 |
| 245 04 - TITLE STATEMENT | |
| Title | The Mollusca / |
| Statement of responsibility, etc. | editor-in-chief Karl M. Wilbur |
| 260 ## - PUBLICATION, DISTRIBUTION, ETC. (IMPRINT) | |
| Place of publication, distribution, etc. | New York : |
| Name of publisher, distributor, etc. | Academic Press, |
| Date of publication, distribution, etc. | 1983- |
| 300 ## - PHYSICAL DESCRIPTION | |
| Pagination | v. : |
| Illustrations | ill. ; |
| Size | 24 cm. |
| 504 ## - BIBLIOGRAPHY, ETC. NOTE | |
| Bibliography, etc | Includes bibliographies and indexes. |
| 505 0# - FORMATTED CONTENTS NOTE | |
| Formatted contents note | v. 1. Metabolic biochemistry and molecular biomechanics / edited by Peter W. Hochachka -- v. 2. Environmental biochemistry and physiology / edited by Peter W. Hochachka -- v. 3. Development / edited by N. H. Verdonk & J. A. M. van den Biggelaar & A. S. Tompa -- v. 4-5. Physiology / edited by A. S. M. Saleuddin & Karl M. Wilbur -- v. 6. Ecology / edited by W. D. Russell-Hunter -- v. 7. Reproduction / edited by A. S. Tompa, N. H. Verdonk, J. A. M. van den Biggelaar -- v. 8-9. Neurobiology and behaviour / edited by A. O. Dennis Willows -- v. 10. Evolution / edited by E. R. Trueman -- v. 11. Form and function / edited by E. R. Trueman and M. T. Clarke -- v.12. Paleontology and neontology of cephalopods / edited by M.R. Clarke [and] E.R. Trueman. |
| 650 #0 - SUBJECT ADDED ENTRY--TOPICAL TERM | |
| Topical term or geographic name as entry element | Mollusks. |
| 9 (RLIN) | 216937 |
| Topical term or geographic name as entry element | Mollusks--Evolution. |
| 9 (RLIN) | 216938 |
| 700 1# - ADDED ENTRY--PERSONAL NAME | |
| Personal name | Wilbur, Karl M. |
| Fuller form of name | (Karl Milton), |
| Dates associated with a name | 1912- |
| 942 ## - ADDED ENTRY ELEMENTS (KOHA) | |
| Source of classification or shelving scheme | Dewey Decimal Classification |
| Koha item type | Books |
| Lost status | Source of classification or shelving scheme | Damaged status | Not for loan | Collection code | Permanent Location | Current Location | Shelving location | Date acquired | Source of acquisition | Cost, normal purchase price | Total Checkouts | Full call number | Date last seen | Copy number | Koha item type |
|---|---|---|---|---|---|---|---|---|---|---|---|---|---|---|---|
| Dewey Decimal Classification | Not For Loan | Non-fiction | Central Library, University of Rajshahi | Central Library, University of Rajshahi | Reading Room | 19/03/1994 | Harcourt & Co. | 97.00 | 594 MOL V-3 1983 | 30/05/2017 | C-1 | Books | |||
| Dewey Decimal Classification | Not For Loan | Non-fiction | Central Library, University of Rajshahi | Central Library, University of Rajshahi | Reading Room | 19/03/1994 | Bellmawr | 125.00 | 594 MOL V-1 1983 | 30/05/2017 | C-1 | Books | |||
| Dewey Decimal Classification | Not For Loan | Non-fiction | Central Library, University of Rajshahi | Central Library, University of Rajshahi | Reading Room | 19/03/1994 | Harcourt & Co. | 138.00 | 594 MOL V-4,Pt-1 1983 | 30/05/2017 | C-1 | Books | |||
| Dewey Decimal Classification | Not For Loan | Non-fiction | Central Library, University of Rajshahi | Central Library, University of Rajshahi | Reading Room | 19/03/1994 | Bellmawr | 99.00 | 594 MOL V-2 1983 | 30/05/2017 | C-1 | Books | |||
| Dewey Decimal Classification | Not For Loan | Non-fiction | Central Library, University of Rajshahi | Central Library, University of Rajshahi | Reading Room | 19/03/1994 | Bellmawr | 128.00 | 594 MOL V-5,Pt-2 1983 | 30/05/2017 | C-1 | Books |